Рыбное хозяйство (Запись № 4470977)

Подробности
000 -МАРКЕР
контрольное поле 18178nas1a22011651i 4500
001 - ИДЕНТИФИКАТОР ЗАПИСИ
контрольное поле RU\NLR\INFOCOMM22\5000002506
005 - ИДЕНТИФИКАТОР ВЕРСИИ
контрольное поле 20260407075358.0
011 ## - МЕЖДУНАРОДНЫЙ СТАНДАРТНЫЙ НОМЕР СЕРИАЛЬНОГО ИЗДАНИЯ (ISSN)
Номер (ISSN) 0203-1000
035 ## - ДРУГИЕ СИСТЕМНЫЕ НОМЕРА
Идентификатор записи (NLR Aleph) 002336965
100 ## - ДАННЫЕ ОБЩЕЙ ОБРАБОТКИ
Данные общей обработки 20050215c1971 |||y0rusy50 ca
101 0# - ЯЗЫК РЕСУРСА
Язык текста, звукозаписи и т.д. русский
102 ## - СТРАНА ПУБЛИКАЦИИ ИЛИ ПРОИЗВОДСТВА
Страна публикации Российская Федерация
110 ## - ПОЛЕ КОДИРОВАННЫХ ДАННЫХ: ПРОДОЛЖАЮЩИЕСЯ РЕСУРСЫ
Кодированные данные продолжающегося ресурса ayuzz 0|y|
200 1# - ЗАГЛАВИЕ И СВЕДЕНИЯ ОБ ОТВЕТСТВЕННОСТИ
Основное заглавие Рыбное хозяйство
Наименование части Серия "Промысловая радиоэлектронная аппаратура и подводная техника"
Сведения, относящиеся к заглавию Обзор. информ.
Первые сведения об ответственности ЦНИИ информ. и техн.-экон. исслед. рыб. хоз-ва
210 ## - ПУБЛИКАЦИЯ, РАСПРОСТРАНЕНИЕ И ДР.
Место издания, распространения и т.д. М.
Дата издания, распространения и т.д. 1971-
300 ## - ОБЩИЕ ПРИМЕЧАНИЯ
Текст примечания В надзаг. также: М-во рыб. хоз-ва СССР
300 ## - ОБЩИЕ ПРИМЕЧАНИЯ
Текст примечания В 1978-1986 гг. параллельно основному изд. выходит изд. "Для служебного пользования" (гриф снят; номера выпусков содержат [1])
430 #0 - ПРОДОЛЖЕН
Встроенное поле 2001#$aОбзорная информация$hСерия 10$iПромысловая радиоэлектроника
Заглавие Обзорная информация
430 #0 - ПРОДОЛЖЕН
Встроенное поле 2001#$aОбзорная информация$hСерия 6$iРадиоэлектронная аппаратура и ее эксплуатация
Заглавие Обзорная информация
430 #0 - ПРОДОЛЖЕН
Встроенное поле 2001#$aОбзорная информация$iПромысловая радиоэлектронная аппаратура и ее эксплуатация
Заглавие Обзорная информация
430 #0 - ПРОДОЛЖЕН
Встроенное поле 2001#$aОбзорная информация$hСерия 6$iПромысловая радиоэлектронная аппаратура и ее эксплуатация
Заглавие Обзорная информация
430 #0 - ПРОДОЛЖЕН
Встроенное поле 2001#$aОбзорная информация$iСерия Промысловая радиоэлектронная аппаратура и ее эксплуатация
Заглавие Обзорная информация
430 #0 - ПРОДОЛЖЕН
Встроенное поле 2001#$aОбзорная информация$iСерия Промысловая радиоэлектронная аппаратура и подводная техника
Заглавие Обзорная информация
440 #0 - ПРОДОЛЖАЕТСЯ ПОД ...
Встроенное поле 2001#$aРыбное хозяйство$iСерия "Промысловая радиоэлектронная аппаратура"
Заглавие Рыбное хозяйство
712 02 - НАИМЕНОВАНИЕ ОРГАНИЗАЦИИ - ВТОРИЧНАЯ ОТВЕТСТВЕННОСТЬ
Код отношения Прочие
Начальный элемент ввода Всесоюзный научно-исследовательский и проектно-конструкторский институт экономики, информации и автоматизированных систем управления рыбным хозяйством
Идентификатор авторитетной/нормативной записи RU\NLR\AUTH\884223
Системный номер авторитетной/нормативной записи 279850
712 02 - НАИМЕНОВАНИЕ ОРГАНИЗАЦИИ - ВТОРИЧНАЯ ОТВЕТСТВЕННОСТЬ
Код отношения Прочие
Начальный элемент ввода Всероссийский научно-исследовательский и проектно-конструкторский институт экономики, информации и автоматизированных систем управления рыбного хозяйства
Идентификатор авторитетной/нормативной записи RU\NLR\AUTH\884224
Системный номер авторитетной/нормативной записи 279852
801 #1 - ИСТОЧНИК ЗАПИСИ
Страна Российская Федерация
Организация InfoComm
Дата составления 20050215
801 #0 - ИСТОЧНИК ЗАПИСИ
Страна Российская Федерация
Организация NLR
Правила каталогизации PSBO
852 ## - МЕСТОНАХОЖДЕНИЕ И ШИФР ХРАНЕНИЯ
Идентификатор организации NLR
Шифр хранения (Call Number) П13/1265
942 ## - ДОПОЛНИТЕЛЬНЫЕ ЭЛЕМЕНТЫ ЗАПИСИ (АБИС)
Тип экземпляра АБИС Журнал
980 ## - КОЛЛЕКЦИЯ
Название коллекции Русская периодика

Нет доступных экземпляров.